[Event "Charity Cup - Preliminari"]
[Site "Internet"]
[Date "21.03.2022"]
[Round "10"]
[White "Rapport, Richard"]
[Black "Lei Tingjie"]
[Result "1-0"]
[WhiteTitle ""]
[BlackTitle ""]
[WhiteElo "2762"]
[BlackElo "2535"]
[WhiteFideId "738590"]
[BlackFideId "8605114"]
[EventDate "2022.03.19"]

1. e4 e5 2. Nf3 Nc6 3. g3 Nf6 4. d3 d5 5. exd5 Nxd5 6. Bg2 Bd6 7. O-O O-O 8. Re1
Re8 9. a3 Bg4 10. h3 Bh5 11. b4 a6 12. Bb2 Nf6 13. Nbd2 Rb8 14. c4 Bg6 15. Qb3
e4 16. dxe4 Nxe4 17. Nxe4 Rxe4 18. c5 Rxe1+ 19. Rxe1 Be7 20. Ne5 Nxe5 21. Bxe5
Bf6 22. Bf4 Bf5 23. Bd5 Qd7 24. g4 Bc2 25. Qf3 h6 26. Bxb7 Rxb7 27. c6 1-0

[Event "Charity Cup - Preliminari"]
[Site "Internet"]
[Date "21.03.2022"]
[Round "11"]
[White "Lei Tingjie"]
[Black "Niemann, Hans Moke"]
[Result "0-1"]
[WhiteTitle ""]
[BlackTitle ""]
[WhiteElo "2535"]
[BlackElo "2642"]
[WhiteFideId "8605114"]
[BlackFideId "2093596"]
[EventDate "2022.03.19"]

1. e4 c5 2. c3 d5 3. exd5 Qxd5 4. d4 Nc6 5. Nf3 Bf5 6. Na3 cxd4 7. Be3 d3 8. Qb3
O-O-O 9. Nb5 e5 10. c4 Qd7 11. Nxa7+ Nxa7 12. Bxa7 d2+ 13. Kd1 Nf6 14. Be3 Ng4
15. Be2 Qc6 16. h3 Nxe3+ 17. fxe3 f6 18. Rf1 Be4 19. Nxd2 Qd7 20. Qc3 Qa4+ 21.
Kc1 Bb4 22. Nxe4 Bxc3 23. Nxc3 Qa7 24. Nd5 Rxd5 25. cxd5 Qxe3+ 26. Kd1 Rd8 27.
Bg4+ Kb8 28. Be6 e4 29. Rc1 Qd4+ 30. Ke2 Qxb2+ 31. Ke3 Qxg2 32. Rb1 Rd6 33. Rfc1
Qf3+ 34. Kd2 Ra6 0-1

[Event "Charity Cup - Preliminari"]
[Site "Internet"]
[Date "21.03.2022"]
[Round "11"]
[White "Praggnanandhaa, Rameshbabu"]
[Black "Rapport, Richard"]
[Result "1/2-1/2"]
[WhiteTitle ""]
[BlackTitle ""]
[WhiteElo "2619"]
[BlackElo "2762"]
[WhiteFideId "25059530"]
[BlackFideId "738590"]
[EventDate "2022.03.19"]

1. d4 c6 2. Nf3 Nf6 3. c4 b5 4. e3 bxc4 5. Bxc4 e6 6. O-O Be7 7. Nc3 O-O 8. Qe2
d5 9. Bd3 a5 10. e4 Ba6 11. Bxa6 Rxa6 12. Bf4 Rb6 13. exd5 Nxd5 14. Bg3 Nd7 15.
Rac1 Nxc3 16. bxc3 c5 17. Rfd1 cxd4 18. cxd4 Bd6 19. d5 Bxg3 20. hxg3 Nf6 21.
dxe6 Rxe6 22. Qb5 Qa8 23. Rc7 h6 24. Rdc1 Rd8 25. Rb7 Red6 26. Re7 Rd1+ 27. Re1
Rxc1 28. Rxc1 Qd5 29. Qxd5 Rxd5 30. Kf1 Rd3 31. Rc2 Ne4 32. Ne5 Rd5 33. Nc4 h5
34. Ne3 Rd3 35. Nc4 a4 36. Nb2 Ra3 37. Nc4 Rd3 38. Nb2 Ra3 39. Nc4 Rd3 1/2-1/2

[Event "Charity Cup - Preliminari"]
[Site "Internet"]
[Date "21.03.2022"]
[Round "11"]
[White "Van Foreest, Jorden"]
[Black "Navara, David"]
[Result "1-0"]
[WhiteTitle ""]
[BlackTitle ""]
[WhiteElo "2714"]
[BlackElo "2700"]
[WhiteFideId "1039784"]
[BlackFideId "309095"]
[EventDate "2022.03.19"]

1. e4 e5 2. Nf3 Nc6 3. Bc4 Bc5 4. c3 Nf6 5. d4 exd4 6. cxd4 Bb4+ 7. Nbd2 Nxe4 8.
d5 Nxd2 9. Bxd2 Bxd2+ 10. Qxd2 Ne7 11. O-O-O d6 12. h4 O-O 13. h5 h6 14. Rdg1 c6
15. g4 f6 16. Nd4 c5 17. Ne2 Rb8 18. Bb3 b5 19. Bc2 c4 20. f4 b4 21. g5 b3 22.
gxh6 bxc2 23. hxg7 Rf7 24. h6 Bf5 25. h7+ Bxh7 26. Rxh7 Kxh7 27. Nd4 Kg8 28. Qh2
Rxg7 29. Rxg7+ Kxg7 30. Ne6+ Kf7 31. Qh5+ Kg8 32. Qg4+ Kf7 33. Nxd8+ Rxd8 34.
Qe6+ Ke8 35. Qxf6 Nxd5 36. Qe6+ Ne7 37. f5 Kf8 38. Qf6+ Ke8 39. Qg7 Nxf5 40.
Qg6+ Kd7 41. Qxf5+ Kc6 42. Qa5 Rd7 43. Kxc2 d5 44. Kc3 Kd6 45. Kd4 Ke6 46. Qe1+
Kd6 47. Qe5+ Kc6 48. Qb8 a5 49. Qc8+ Kd6 50. Qc5+ 1-0

[Event "Charity Cup - Preliminari"]
[Site "Internet"]
[Date "21.03.2022"]
[Round "11"]
[White "Anton, David"]
[Black "Carlsen, Magnus"]
[Result "1/2-1/2"]
[WhiteTitle ""]
[BlackTitle ""]
[WhiteElo "2694"]
[BlackElo "2864"]
[WhiteFideId "2285525"]
[BlackFideId "1503014"]
[EventDate "2022.03.19"]

1. Nf3 Nf6 2. d4 g6 3. Nbd2 d5 4. e3 Bg7 5. b4 O-O 6. c4 c6 7. a4 Bg4 8. Be2 Ne4
9. Bb2 Nxd2 10. Qxd2 Nd7 11. cxd5 cxd5 12. O-O Nf6 13. Rfc1 Ne4 14. Qd1 Rc8 15.
h3 Bxf3 16. Bxf3 Qd7 17. b5 Rxc1 18. Rxc1 Rc8 19. Rc2 e6 20. Bxe4 dxe4 21. Qc1
Rxc2 22. Qxc2 f5 23. Qc5 a6 24. bxa6 bxa6 25. Qc4 Qd6 26. Qc8+ Bf8 27. Bc3 Qb6
28. a5 Qd6 29. d5 e5 30. Qe8 Qe7 31. Qc6 Qd6 32. Qe8 Qe7 33. Qc6 Qd6 34. Qe8 1/2-1/2

[Event "Charity Cup - Preliminari"]
[Site "Internet"]
[Date "21.03.2022"]
[Round "11"]
[White "Jones, Gawain"]
[Black "Ding Liren"]
[Result "0-1"]
[WhiteTitle ""]
[BlackTitle ""]
[WhiteElo "2672"]
[BlackElo "2799"]
[WhiteFideId "409561"]
[BlackFideId "8603677"]
[EventDate "2022.03.19"]

1. e4 d6 2. d4 Nf6 3. Nc3 e5 4. Nf3 Nbd7 5. Rg1 c6 6. g4 h6 7. Be3 Be7 8. Qd2
exd4 9. Qxd4 Qa5 10. Be2 Ne5 11. h3 Be6 12. a3 Nfd7 13. Qd2 Nxf3+ 14. Bxf3 O-O-O
15. Be2 Bf6 16. f4 Bxc3 17. Qxc3 Qxc3+ 18. bxc3 Rhe8 19. O-O-O Nb6 20. f5 Bd5
21. Bd4 f6 22. exd5 Rxe2 23. Bxb6 axb6 24. Rge1 Re5 25. c4 Kc7 26. Rxe5 dxe5 27.
Kb2 b5 28. Kb3 bxc4+ 29. Kxc4 Rxd5 30. Rxd5 cxd5+ 31. Kxd5 Kb6 32. Kc4 Ka5 33.
Kb3 Kb5 34. Kc3 Ka4 35. Kb2 e4 36. h4 e3 37. Kc3 Kxa3 38. g5 b5 39. gxf6 gxf6
40. Kd3 Kb2 0-1

[Event "Charity Cup - Preliminari"]
[Site "Internet"]
[Date "21.03.2022"]
[Round "11"]
[White "Ju Wenjun"]
[Black "Harikrishna, Pentala"]
[Result "1/2-1/2"]
[WhiteTitle ""]
[BlackTitle ""]
[WhiteElo "2560"]
[BlackElo "2716"]
[WhiteFideId "8603006"]
[BlackFideId "5007003"]
[EventDate "2022.03.19"]

1. d4 d5 2. c4 e6 3. Nf3 a6 4. cxd5 exd5 5. Nc3 c6 6. Bf4 Bd6 7. Bxd6 Qxd6 8. e3
Ne7 9. Bd3 Bf5 10. O-O Bxd3 11. Qxd3 O-O 12. a3 Nd7 13. Rac1 a5 14. Na4 Qg6 15.
Rfd1 Qxd3 16. Rxd3 f6 17. Nc5 Nxc5 18. dxc5 a4 19. Rd4 Ng6 20. Kf1 Ra5 21. e4
Ne7 22. exd5 Nxd5 23. Nd2 f5 24. g3 Re8 25. Rcc4 Rb5 26. Rc2 Ra5 27. Rcc4 Rb5
28. Rc2 Ra5 29. Rcc4 1/2-1/2

[Event "Charity Cup - Preliminari"]
[Site "Internet"]
[Date "21.03.2022"]
[Round "11"]
[White "Vidit Santosh Gujrathi"]
[Black "Duda, Jan-Krzysztof"]
[Result "1-0"]
[WhiteTitle ""]
[BlackTitle ""]
[WhiteElo "2723"]
[BlackElo "2750"]
[WhiteFideId "5029465"]
[BlackFideId "1170546"]
[EventDate "2022.03.19"]

1. d4 d5 2. c4 c6 3. cxd5 cxd5 4. Bf4 Nf6 5. Nc3 Nc6 6. e3 Bf5 7. Nf3 e6 8. Bb5
Nd7 9. O-O Rc8 10. Rc1 Be7 11. Na4 g5 12. Be5 f6 13. Bg3 h5 14. h4 g4 15. Nd2
Qa5 16. Nc3 Kf7 17. Be2 Bg6 18. Nb3 Qd8 19. f3 f5 20. Qe1 Kg7 21. Nb5 Qf8 22.
Nc5 Nxc5 23. dxc5 Qf6 24. Nd6 Rcf8 25. b4 gxf3 26. Bxf3 Ne5 27. Qc3 f4 28. Bxf4
Nd3 29. Bg5 Qxc3 30. Rxc3 Bxg5 31. hxg5 Rh7 32. b5 Kg8 33. c6 bxc6 34. bxc6 Rc7
35. Nb5 1-0

[Event "Charity Cup - Preliminari"]
[Site "Internet"]
[Date "21.03.2022"]
[Round "12"]
[White "Niemann, Hans Moke"]
[Black "Duda, Jan-Krzysztof"]
[Result "0-1"]
[WhiteTitle ""]
[BlackTitle ""]
[WhiteElo "2642"]
[BlackElo "2750"]
[WhiteFideId "2093596"]
[BlackFideId "1170546"]
[EventDate "2022.03.19"]

1. c4 e6 2. Nc3 Nf6 3. e4 d5 4. e5 d4 5. exf6 dxc3 6. bxc3 Qxf6 7. Bd3 Bd6 8.
Nf3 O-O 9. Be4 e5 10. Qc2 h6 11. O-O c5 12. Rb1 Nc6 13. d3 Rb8 14. Re1 Bf5 15.
Qe2 Bxe4 16. Qxe4 Bc7 17. g4 Rfd8 18. Be3 b6 19. Rbd1 Rd6 20. g5 hxg5 21. Bxg5
Qg6 22. Qxg6 Rxg6 23. Kf1 Rf8 24. Ke2 Re6 25. Rg1 e4 26. dxe4 Rxe4+ 27. Kd3 Rfe8
28. h4 f6 29. Be3 Kh7 30. h5 Na5 31. Nd2 R4e7 32. Rg2 f5 33. Nf3 Rd8+ 34. Kc2
Rxd1 35. Kxd1 Nxc4 36. Bc1 Be5 37. Bg5 Re6 38. Kc2 b5 39. Nh4 Ra6 40. Nxf5 Rxa2+
41. Kd3 a5 42. h6 g6 43. Ne7 Nd6 44. Nxg6 Kxg6 45. Bf4+ Kf5 46. Bxe5 Nc4 0-1

[Event "Charity Cup - Preliminari"]
[Site "Internet"]
[Date "21.03.2022"]
[Round "12"]
[White "Harikrishna, Pentala"]
[Black "Vidit Santosh Gujrathi"]
[Result "1/2-1/2"]
[WhiteTitle ""]
[BlackTitle ""]
[WhiteElo "2716"]
[BlackElo "2723"]
[WhiteFideId "5007003"]
[BlackFideId "5029465"]
[EventDate "2022.03.19"]

1. d4 Nf6 2. Nf3 d5 3. Bf4 c5 4. e3 e6 5. c3 Bd6 6. Bb5+ Nc6 7. Bxc6+ bxc6 8.
Bxd6 Qxd6 9. Qa4 O-O 10. Qa3 Ne4 11. Nfd2 e5 12. Nxe4 dxe4 13. Qxc5 Qg6 14. Nd2
exd4 15. Qxd4 Bf5 16. O-O-O Rad8 17. Qe5 Rd5 18. Qg3 Bg4 19. f3 exf3 20. gxf3
Bh5 21. Qxg6 fxg6 22. Rhf1 Rdf5 23. e4 Rf4 24. e5 g5 25. e6 Re8 26. Rde1 Rf6 27.
e7 Rf7 28. Rf2 Rfxe7 29. Rxe7 Rxe7 30. b4 Re3 31. Kb2 h6 32. a4 Kf8 33. b5 cxb5
34. axb5 Ke7 35. Kb3 Kd7 36. Kb4 Kc7 37. c4 a6 38. bxa6 Re6 39. a7 Kb7 40. c5
Kxa7 41. Nc4 Kb7 42. Nd6+ Kc6 43. f4 Re1 44. fxg5 Rb1+ 45. Kc4 Rc1+ 46. Kd4 Rxc5
47. Nf5 Rd5+ 48. Ke3 Kd7 49. gxh6 gxh6 50. Nxh6 Ke6 51. h4 Ra5 52. Kf4 Kf6 53.
Kg3+ Kg6 54. Nf7 Rf5 55. Rxf5 Kxf5 56. Ng5 Ke5 57. Nf3+ Bxf3 58. Kxf3 Kf5 59. h5
Kg5 60. h6 Kxh6 1/2-1/2

[Event "Charity Cup - Preliminari"]
[Site "Internet"]
[Date "21.03.2022"]
[Round "12"]
[White "Ding Liren"]
[Black "Le Quang Liem"]
[Result "1-0"]
[WhiteTitle ""]
[BlackTitle ""]
[WhiteElo "2799"]
[BlackElo "2709"]
[WhiteFideId "8603677"]
[BlackFideId "12401137"]
[EventDate "2022.03.19"]

1. g3 d5 2. Nf3 Nf6 3. Bg2 c6 4. c4 Bg4 5. Ne5 Be6 6. cxd5 Bxd5 7. Nf3 c5 8. O-O
e6 9. Nc3 Bc6 10. Re1 Be7 11. e4 O-O 12. d4 cxd4 13. Nxd4 Na6 14. a3 Rc8 15. b4
Nc7 16. Bb2 Be8 17. Qb3 Na8 18. Rad1 Qb6 19. e5 Ng4 20. h3 Nh6 21. Ne4 Nc7 22.
Nd6 Bxd6 23. exd6 Nd5 24. Nxe6 fxe6 25. Bd4 Qxd6 26. Rxe6 Ba4 27. Rxd6 Bxb3 28.
Bxd5+ Bxd5 29. Rxd5 b6 30. Rd7 Nf5 31. g4 Nxd4 32. R1xd4 a5 33. Rb7 Rc2 34. Rdd7
Rfxf2 35. Rxg7+ Kf8 36. Rgd7 Ke8 37. Re7+ Kd8 38. Rbd7+ Kc8 39. Rc7+ Kd8 40.
Rxc2 Rxc2 41. Rxh7 Ra2 42. bxa5 bxa5 43. Ra7 Rxa3 44. Kg2 a4 45. h4 Ke8 46. h5
Ra2+ 47. Kg3 Ra1 48. h6 Rh1 49. h7 Kf8 50. g5 a3 51. g6 1-0

[Event "Charity Cup - Preliminari"]
[Site "Internet"]
[Date "21.03.2022"]
[Round "12"]
[White "Navara, David"]
[Black "Anton, David"]
[Result "1/2-1/2"]
[WhiteTitle ""]
[BlackTitle ""]
[WhiteElo "2700"]
[BlackElo "2694"]
[WhiteFideId "309095"]
[BlackFideId "2285525"]
[EventDate "2022.03.19"]

1. d4 d5 2. c4 e6 3. Nc3 c6 4. e3 Nd7 5. Qc2 Ngf6 6. Nf3 Bd6 7. Bd3 O-O 8. O-O
dxc4 9. Bxc4 a6 10. Ng5 h6 11. Nge4 Be7 12. Rd1 Qc7 13. a4 e5 14. a5 Kh8 15. b3
exd4 16. exd4 Nxe4 17. Nxe4 Nf6 18. Nxf6 Bxf6 19. Ba3 Re8 20. h3 Be6 21. Bxe6
fxe6 22. Bc5 Qf7 23. Re1 Rad8 24. Re4 e5 25. dxe5 Rxe5 26. Rxe5 Bxe5 27. Re1 Rd5
28. b4 Bd4 29. Bxd4 Rxd4 30. Qc5 Rd5 31. Qc4 Kh7 32. Qe4+ Qg6 33. g4 Rb5 34. Qc4
h5 35. Kg2 Rg5 36. Re6 Qf5 37. f4 Qd5+ 38. Qe4+ Qxe4+ 39. Rxe4 Rb5 40. f5 hxg4
41. hxg4 c5 42. bxc5 Rxc5 43. Re7 Kg8 44. Rxb7 Rxa5 45. Kg3 Rb5 46. Ra7 Rb6 47.
g5 Kf8 48. g6 Rb1 49. Rxa6 Rf1 50. Kg4 Ke7 51. Ra7+ Kf8 52. Rf7+ Kg8 53. Rb7 Kf8
54. Kg5 Rg1+ 55. Kf4 Rf1+ 56. Ke5 Re1+ 57. Kd6 Rd1+ 58. Kc6 Rc1+ 59. Kd7 Rd1+
60. Kc8 Rd5 61. Rf7+ Kg8 62. Kc7 Ra5 63. Kd6 Ra6+ 64. Ke5 Ra5+ 65. Kf4 Ra4+ 66.
Kg5 Ra1 67. Rc7 Kf8 68. Rc8+ Ke7 69. Rc7+ Kf8 70. Rc8+ Ke7 71. Rg8 Rg1+ 72. Kf4
Rf1+ 73. Kg4 Rg1+ 74. Kh4 Rh1+ 75. Kg3 Kf6 76. Rf8+ Kg5 77. Rf7 Rf1 78. Rxg7
Rxf5 79. Rf7 Kxg6 80. Rxf5 Kxf5 1/2-1/2

[Event "Charity Cup - Preliminari"]
[Site "Internet"]
[Date "21.03.2022"]
[Round "12"]
[White "Rapport, Richard"]
[Black "Van Foreest, Jorden"]
[Result "0-1"]
[WhiteTitle ""]
[BlackTitle ""]
[WhiteElo "2762"]
[BlackElo "2714"]
[WhiteFideId "738590"]
[BlackFideId "1039784"]
[EventDate "2022.03.19"]

1. e4 e5 2. Nf3 Nc6 3. d3 Nf6 4. g3 d5 5. exd5 Nxd5 6. Bg2 Bd6 7. O-O O-O 8. Re1
Re8 9. a3 a5 10. Nc3 Nxc3 11. bxc3 Bf5 12. Ng5 Qd7 13. Rb1 Rab8 14. a4 Bg4 15.
Qd2 h6 16. h3 Bf5 17. g4 Bg6 18. Ne4 Be7 19. Qe3 Nd8 20. Rb5 Ne6 21. Qg3 f6 22.
Rxa5 c6 23. Be3 Ra8 24. Rxa8 Rxa8 25. Ra1 Bd8 26. c4 Bc7 27. Qf3 Ra5 28. Rb1 Bd8
29. c5 Be7 30. Rb4 Nxc5 31. Nxc5 Bxc5 32. Rc4 Be7 33. Bb6 Ra6 34. a5 Bd8 35. Qe3
Bxb6 36. axb6 Bf7 37. Rb4 Ra1+ 38. Kh2 Qd6 39. c3 e4+ 40. Qg3 Qxg3+ 41. Kxg3
exd3 42. Rd4 Rb1 43. Rd8+ Kh7 44. f4 Rxb6 45. Be4+ Bg6 46. f5 Bf7 47. Rxd3 Rb3
48. h4 Bc4 49. Re3 b5 50. Kf4 b4 51. cxb4 Rxb4 52. Kg3 c5 53. Bc6 Rb3 54. Rxb3
Bxb3 55. Kf4 Kg8 56. Ke4 Kf8 57. Bd5 Bd1 58. Kf4 Be2 59. g5 Ke7 60. gxh6 gxh6
61. Bg8 Kd6 62. Ke4 Bd1 63. Bc4 Bc2+ 64. Kf4 Ba4 65. Bf7 Bb5 66. Kg4 Ke5 67. Kh5
c4 68. Kxh6 c3 69. Bb3 Bd3 70. h5 c2 71. Bxc2 Bxc2 72. Kg7 Kxf5 73. h6 Kg5 0-1

[Event "Charity Cup - Preliminari"]
[Site "Internet"]
[Date "21.03.2022"]
[Round "12"]
[White "Lei Tingjie"]
[Black "Praggnanandhaa, Rameshbabu"]
[Result "0-1"]
[WhiteTitle ""]
[BlackTitle ""]
[WhiteElo "2535"]
[BlackElo "2619"]
[WhiteFideId "8605114"]
[BlackFideId "25059530"]
[EventDate "2022.03.19"]

1. e4 c5 2. c3 d5 3. exd5 Qxd5 4. d4 Nf6 5. Nf3 Nc6 6. Be2 e6 7. O-O cxd4 8.
cxd4 Be7 9. Nc3 Qd6 10. Nb5 Qd8 11. Bf4 Nd5 12. Bg3 O-O 13. Rc1 a6 14. Nc3 Nxc3
15. bxc3 b5 16. a4 bxa4 17. Qxa4 Bd7 18. Rb1 e5 19. dxe5 Nxe5 20. Qe4 Ng4 21.
Rfd1 Nf6 22. Qb7 Qe8 23. Nd4 Bc5 24. Bf3 Ra7 25. Qb2 Bg4 26. Bxg4 Nxg4 27. c4
Nf6 28. Nb3 Be7 29. Qe5 Rd7 30. Rxd7 Qxd7 31. h3 Qd3 32. Rc1 Ba3 33. Qc3 Qxc3
34. Rxc3 Ne4 35. Rd3 Nxg3 36. fxg3 g6 37. c5 Rc8 38. Kf1 Kg7 39. Rd6 a5 40. Ra6
Rb8 41. Rb6 Ra8 42. c6 a4 43. Na1 Bd6 44. g4 a3 45. Rb5 Ra6 46. Ke2 Rxc6 47. Ra5
Rc1 48. Nb3 Rb1 49. Nd4 Rb2+ 50. Kd3 Rxg2 51. Ke4 Rg3 52. Ra7 Rxh3 53. Ne6+ Kf6
54. Nd8 Re3+ 55. Kd5 Be7 56. Nc6 h6 0-1

[Event "Charity Cup - Preliminari"]
[Site "Internet"]
[Date "22.03.2022"]
[Round "13"]
[White "Praggnanandhaa, Rameshbabu"]
[Black "Niemann, Hans Moke"]
[Result "1/2-1/2"]
[WhiteElo "2619"]
[BlackElo "2642"]
[EventDate "2022.03.19"]

1. e4 e5 2. Nf3 Nc6 3. Bc4 Nf6 4. Ng5 d5 5. exd5 Na5 6. Bb5+ c6 7. dxc6
bxc6 8. Bd3 Nd5 9. Nf3 Bd6 10. Nc3 Nf4 11. O-O Nxd3 12. cxd3 O-O 13. Re1
Re8 14. Ne4 Bf8 15. b4 Nb7 16. Bb2 Bg4 17. h3 Bxf3 18. Qxf3 Bxb4 19. Qg3
Nc5 20. Nxc5 Bxc5 21. Rxe5 Bf8 22. Rxe8 Qxe8 23. Qf3 Rd8 24. Bc3 Qd7 25.
Rb1 h6 26. a4 Bc5 27. Re1 Kf8 28. Qe4 Kg8 29. Bxg7 Bxf2+ 30. Kxf2 Kxg7 31.
Re3 Qd5 32. Rg3+ Kf8 33. Qh7 Qd4+ 34. Re3 Rd6 35. Qe4 Qxe4 36. Rxe4 Rxd3
37. Ke2 Rg3 38. Kf1 Rd3 39. Rc4 Rxd2 40. Rxc6 Kg7 41. Rc7 h5 42. Rxa7 Ra2
43. h4 Kg6 44. Ra5 f6 45. Kg1 Kh6 46. Kh2 Ra3 47. Ra8 Kg7 48. a5 Kh7 49. a6
Kg7 50. Kg1 Ra2 51. Kf1 Kh7 52. a7 Kg7 53. Ke1 Kh7 54. Kd1 Kg7 55. Kc1 Ra6
56. Kb2 Ra5 57. Kb3 Ra1 58. Kb4 Rb1+ 59. Kc5 Rc1+ 60. Kd6 Rd1+ 61. Ke6 Re1+
62. Kf5 Re5+ 63. Kf4 Ra5 64. Ke4 Ra1 65. Kd5 Rd1+ 1/2-1/2

[Event "Charity Cup - Preliminari"]
[Site "Internet"]
[Date "22.03.2022"]
[Round "13"]
[White "Van Foreest, Jorden"]
[Black "Lei Tingjie"]
[Result "1-0"]
[WhiteElo "2714"]
[BlackElo "2535"]
[EventDate "2022.03.19"]

1. e4 e5 2. Nf3 Nc6 3. Bb5 a6 4. Ba4 Nf6 5. O-O Bc5 6. d4 Nxd4 7. Nxe5 O-O
8. Nd3 Ba7 9. e5 Nd5 10. c3 Ne6 11. Bb3 Ne7 12. Nd2 d5 13. exd6 cxd6 14.
Nf3 Ng6 15. Re1 Bd7 16. Be3 Bxe3 17. Rxe3 Qc7 18. Nb4 Rad8 19. Qd2 Ngf4 20.
g3 a5 21. Nd5 Nxd5 22. Bxd5 Rfe8 23. Rae1 b5 24. h4 Qc8 25. Re4 h6 26. R4e3
Bc6 27. Bxc6 Qxc6 28. Qe2 Kf8 29. a3 Nc7 30. Nd4 Qd5 31. Qg4 Re5 32. Rxe5
dxe5 33. Nf5 Ne6 34. Qe2 e4 35. Qxe4 Qxe4 36. Rxe4 Rd5 37. Nd4 Nc5 38. Re2
Na4 39. Nc6 Rd1+ 40. Kg2 Rb1 41. b4 axb4 42. cxb4 Ra1 43. Re3 Nb2 44. Ne5
g6 45. Rf3 Nc4 46. Nxf7 Kg7 47. Nd8 Rxa3 48. Ne6+ Kh7 49. Rf7+ Kh8 50. Rb7
Nd6 51. Rb6 Ne4 52. Nf4 Ra2 53. Nxg6+ Kg7 54. Kf3 Nd2+ 55. Kg4 Nc4 56. Re6
Rxf2 57. Nf4 Rb2 58. Rg6+ Kh7 59. Kh5 Rxb4 60. Rxh6+ Kg7 61. Rc6 Ne5 62.
Rc7+ Nf7 63. Rb7 Rb1 64. g4 Rf1 65. Ne6+ Kf6 66. Ng5 Nd6 67. Rb8 Ke5 68.
Nh7 Rh1 69. Nf8 Kd5 70. g5 Nf5 71. Rxb5+ Ke4 72. Rb4+ Kf3 73. Ne6 Kg3 74.
Rg4+ Kh2 75. g6 1-0

[Event "Charity Cup - Preliminari"]
[Site "Internet"]
[Date "22.03.2022"]
[Round "13"]
[White "Anton, David"]
[Black "Rapport, Richard"]
[Result "1-0"]
[WhiteElo "2694"]
[BlackElo "2762"]
[EventDate "2022.03.19"]

1. e4 d6 2. d4 Nf6 3. f3 e5 4. d5 Be7 5. Ne2 O-O 6. c4 a5 7. Be3 Nfd7 8.
Qd2 Nc5 9. Nbc3 Nba6 10. Nc1 f5 11. Nd3 fxe4 12. Nxc5 Nxc5 13. Bxc5 dxc5
14. Nxe4 Bh4+ 15. Kd1 Bf5 16. Bd3 c6 17. Nxc5 Bg5 18. Qc2 Bxd3 19. Qxd3 Qb6
20. Na4 Qb4 21. a3 e4 22. fxe4 Qe7 23. Kc2 b5 24. cxb5 cxb5 25. Nc3 b4 26.
d6 Rf2+ 27. Kb1 Qf7 28. axb4 Rd2 29. Qb5 Qb3 30. Ra2 a4 31. Qc6 Rf8 32.
Qxa4 Qe6 33. b5 Rxg2 34. b6 Qxd6 35. Qb5 Rxh2 36. Rxh2 Qxh2 37. Ra5 Bd8 38.
Qb3+ Kh8 39. Ra8 Qd6 40. e5 Qxe5 41. b7 Qf5+ 42. Qc2 Qf1+ 43. Qd1 Qf5+ 44.
Qc2 Qf1+ 45. Nd1 1-0

[Event "Charity Cup - Preliminari"]
[Site "Internet"]
[Date "22.03.2022"]
[Round "13"]
[White "Jones, Gawain"]
[Black "Navara, David"]
[Result "0-1"]
[WhiteElo "2672"]
[BlackElo "2700"]
[EventDate "2022.03.19"]

1. e4 c5 2. c3 d5 3. exd5 Qxd5 4. d4 Nf6 5. Nf3 e6 6. Na3 Nc6 7. Be3 cxd4
8. Nb5 Qd8 9. Nbxd4 Nd5 10. Nxc6 bxc6 11. Bd2 Rb8 12. c4 Nf6 13. Qc2 Qb6
14. O-O-O Qxf2 15. Ne5 Bb7 16. Nd3 Qf5 17. Be2 Be7 18. Rhf1 Qg6 19. Qb3 Ne4
20. Ne5 Nxd2 21. Rxd2 Qxg2 22. Rxf7 Bg5 23. Kc2 Qe4+ 24. Qd3 c5 25. Bh5 g6
26. Rxh7 O-O 27. Bxg6 Qxe5 28. Re2 Be4 29. Qxe4 Qxb2+ 30. Kd1 Qc1+ 0-1

[Event "Charity Cup - Preliminari"]
[Site "Internet"]
[Date "22.03.2022"]
[Round "13"]
[White "Le Quang Liem"]
[Black "Carlsen, Magnus"]
[Result "1/2-1/2"]
[WhiteElo "2709"]
[BlackElo "2864"]
[EventDate "2022.03.19"]

1. d4 Nf6 2. c4 g6 3. Nc3 Bg7 4. e4 d6 5. Nf3 O-O 6. h3 e5 7. d5 a5 8. g4
Na6 9. Be3 Nd7 10. Rg1 Ndc5 11. h4 c6 12. h5 Bd7 13. Nd2 a4 14. a3 cxd5 15.
Nxd5 Nc7 16. Nc3 N7e6 17. g5 Nd4 18. Rb1 Re8 19. Rg3 Bc6 20. Qg4 Nce6 21.
Nd5 Bxd5 22. cxd5 Nc5 23. Be2 Qc8 24. Kf1 Qxg4 25. Bxg4 b5 26. Kg2 Rab8 27.
hxg6 hxg6 28. Rh3 Nd3 29. Rhh1 Re7 30. Rhd1 Rc7 31. Nf3 Nc5 32. Nxd4 exd4
33. Rxd4 Bxd4 34. Bxd4 Nd3 35. Be2 Nc1 36. Bf3 b4 37. e5 Rc4 38. exd6 Rxd4
39. Rxc1 Rd8 40. Rc6 Rd2 41. Ra6 b3 42. Rxa4 Rxd6 43. Rb4 Rxb2 44. a4 Kf8
45. Kg3 Ke7 46. Rb7+ Rd7 47. Rb6 Ra2 48. Rxb3 Rxa4 49. Rb6 Rd4 50. Rb3 Ra7
51. Re3+ Kd6 52. Be4 Rd1 53. Kf4 Ra4 54. Kg3 Rg1+ 55. Bg2 Rd4 56. Rf3 Ke7
57. Re3+ Kf8 58. Kh2 Ra1 59. Kg3 Rd2 60. Rf3 Re1 61. Rf6 Re5 62. Kf4 Re1
63. Kg3 Kg7 64. Rf4 Re5 65. Rg4 Rd3+ 66. Kh2 Kf8 67. Bh1 Rd2 68. Kg3 Rd3+
69. Kh2 Ke7 70. Bg2 Kd6 71. Bh1 Rf5 72. f4 Rd4 73. Kg3 Kc5 74. Bf3 Kc4 75.
Rh4 Kc3 76. Bg2 Kd2 77. Bf3 Ke3 78. Rh1 Rfxf4 79. Re1+ Kd2 80. Re5 Rf5 81.
Rxf5 gxf5 82. Kf2 Kd3 83. Bh5 Rxd5 84. Bxf7 Rd4 85. Kf3 Rg4 86. Be6 Rxg5
87. Kf4 Rh5 88. Bxf5+ Rxf5+ 89. Kxf5 1/2-1/2

[Event "Charity Cup - Preliminari"]
[Site "Internet"]
[Date "22.03.2022"]
[Round "13"]
[White "Ju Wenjun"]
[Black "Ding Liren"]
[Result "1/2-1/2"]
[WhiteElo "2560"]
[BlackElo "2799"]
[EventDate "2022.03.19"]

1. d4 d5 2. c4 e6 3. Nf3 Nf6 4. g3 Bb4+ 5. Bd2 Be7 6. Bg2 O-O 7. O-O c6 8.
Qc2 Nbd7 9. Rd1 b6 10. Bf4 Ba6 11. cxd5 Nxd5 12. Nc3 Nxf4 13. gxf4 Qc7 14.
e3 Bb7 15. Rac1 Rac8 16. Qe2 Qb8 17. Ne5 Rfd8 18. Qg4 g6 19. Bf3 c5 20.
Nxd7 Rxd7 21. dxc5 Rxd1+ 22. Rxd1 Rxc5 23. Bxb7 Qxb7 24. Qg2 Qc8 25. Qe4
Bf6 26. Qa4 Bxc3 27. bxc3 e5 28. fxe5 Rxe5 29. Qh4 Re8 30. c4 Qf5 31. Rd8
Rxd8 32. Qxd8+ Kg7 33. Qd4+ Qf6 34. Kg2 Qxd4 35. exd4 Kf6 36. Kf3 Kf5 37.
a4 g5 38. Ke3 h5 39. d5 Ke5 40. f4+ gxf4+ 41. Kf3 h4 42. h3 Kf5 43. Kf2 Ke5
44. Ke2 Kf5 45. Kf3 Ke5 46. Kf2 Kf5 47. Kf3 Ke5 48. Kf2 Kf5 49. Kf3 1/2-1/2

[Event "Charity Cup - Preliminari"]
[Site "Internet"]
[Date "22.03.2022"]
[Round "13"]
[White "Duda, Jan-Krzysztof"]
[Black "Harikrishna, Pentala"]
[Result "0-1"]
[WhiteElo "2750"]
[BlackElo "2716"]
[EventDate "2022.03.19"]

1. d4 Nf6 2. c4 e6 3. Nf3 b6 4. Bf4 Bb7 5. e3 Bb4+ 6. Nfd2 O-O 7. a3 Bd6 8.
Bxd6 cxd6 9. Nc3 d5 10. Qf3 Qc8 11. Qg3 dxc4 12. Nxc4 d5 13. Nd6 Qd7 14.
Nxb7 Qxb7 15. Bd3 Nc6 16. O-O a6 17. Qh4 Ne7 18. g4 Ng6 19. Qg3 Ne4 20.
Nxe4 dxe4 21. Qg2 f5 22. Bc4 Nh4 23. Bxe6+ Kh8 24. Qg3 Nf3+ 25. Kg2 f4 26.
exf4 Nxd4 27. f5 e3+ 28. f3 Nxe6 29. fxe6 Qd5 30. e7 Rfe8 31. Rfd1 Qb5 32.
Qd6 Qe2+ 33. Kh3 Qxf3+ 34. Qg3 Qe4 35. Rd6 Rxe7 36. Rxb6 Rf8 37. Rb4 Qc6
38. Rb8 Rxb8 39. Qxb8+ Re8 40. Qf4 Kg8 41. Rf1 h6 42. Qf7+ Kh7 43. Qf5+ Kh8
44. Re1 e2 45. Kg3 Qc7+ 46. Kh3 Qd6 47. Kg2 Qd2 48. Qf7 Re5 49. Qf8+ Kh7
50. Qb4 Qd5+ 51. Kf2 Re4 52. Qc3 Qf7+ 53. Kg3 Qf4+ 54. Kg2 Qxg4+ 55. Kh1
Qf4 56. Qd3 h5 57. b4 g6 58. a4 Kh6 59. b5 axb5 60. axb5 Re3 61. Qb1 Qf3+
62. Kg1 Re5 0-1